| 000 | 00556nam a2200217Ia 4500 | ||
|---|---|---|---|
| 001 | 3160 | ||
| 003 | GE_BSU | ||
| 008 | 181216s||||||||xx |||||||||||||| ||und|| | ||
| 040 | _cGE_BSU | ||
| 080 | _a51(076.5) | ||
| 100 | _aБаврин,И.И. | ||
| 245 | _aВысшая математика. | ||
| 245 | _bУчебное пособие. | ||
| 245 | _cРед.В.И.Ефимов. | ||
| 260 | _aМ. | ||
| 260 | _bПросвещение. | ||
| 260 | _c1980. | ||
| 300 | _a384стр.21см. | ||
| 653 | _aВысшая математика. | ||
| 942 | _cBK | ||
| 999 |
_c37203 _d37203 |
||